Can 2021 - Statistiques

Statistiques générales
  • Ce quiz a été pris 70 fois
  • Le résultat moyen est 19 sur 24
Statistiques - réponses
% Correct
4 Algérie
98%
1 Maroc
98%
2 Egypte
97%
3 Tunisie
97%
1 Côte d'Ivoire
93%
4 Ghana
88%
1 Cameroun
86%
2 guinée
86%
1 Mali
84%
1 Nigeria
84%
4 Mauritanie
83%
2 Gambie
79%
2 Burkina Faso
76%
3 Comores
76%
4 Guinée-Bissau
76%
2 Guinée Equatoriale
76%
4 Ethiopie
72%
2 Gabon
72%
3 Cap-Vert
71%
1 Sénégal
71%
3 Sierra Leone
71%
3 Soudan
69%
4 Zimbabwe
69%
3 Malawi
59%
Aucun quiz correspondant
Distribution des résultats
% des personnes avec chaque résultat
Percentile par nombre de réponses
Votre historique - résultats
Vous n’avez pas pris ce quiz